000 00384nam a22001337a 4500
040 _cNUST
082 _a200 THE
100 _aShoaib Hussain
_984109
110 _aSupervisor Dr. Farhan Riaz
_984110
245 _aTH-SOF-1919-Android Malware Detection and Family Classification
260 _aISLAMABAD:
_bNUST COLLEGE OF EME,
_c2021.
650 _aMS-CSE-17
_984111
942 _2ddc
_cTHE
999 _c586745
_d586745